[Event "San Francisco TNM Spring op"]
[Site "San Francisco"]
[Date "2016.03.22"]
[Round "2"]
[White "Ochoa, Jason"]
[Black "Stearman, Micah S"]
[Result "1-0"]
[WhiteElo "1893"]
[BlackElo "1083"]
[PlyCount "51"]
[EventDate "2016.03.15"]
[EventType "swiss"]
[EventRounds "8"]
[EventCountry "USA"]
[SourceTitle "EXT 2018"]
[Source "ChessBase"]
[SourceDate "2017.10.13"]
[SourceVersion "1"]
[SourceVersionDate "2017.10.13"]
[SourceQuality "1"]

1. c4 g6 2. g3 Bg7 3. Bg2 Nf6 4. Nf3 0-0 5. 0-0 d6 6. d4 Nbd7 7. Nc3 Re8 8. Bg5 e5 9. Qd2 e4 10. Nh4 Nb6 11. b3 Bf5 12. Nxf5 gxf5 13. Qf4 Qd7 14. Rad1 d5 15. Bh3 dxc4 16. Bxf5 Qc6 17. Qh4 h5 18. Bxf6 Bxf6 19. Qxh5 cxb3 20. Nxe4 Nd7 21. Qh7+ Kf8 22. d5 Qa6 23. Bxd7 Red8 24. Qh6+ Ke7 25. d6+ Kxd7 26. Qxf6 1-0

[Event "San Francisco TNM Summer op"]
[Site "San Francisco"]
[Date "2013.06.25"]
[Round "5"]
[White "Ochoa, Jason"]
[Black "Byambaa, Uyanga"]
[Result "0-1"]
[WhiteElo "1911"]
[BlackElo "2136"]
[PlyCount "86"]
[EventDate "2013.05.28"]
[EventType "swiss"]
[EventRounds "8"]
[EventCountry "USA"]
[SourceTitle "EXT 2016"]
[Source "ChessBase"]
[SourceDate "2015.10.08"]
[SourceVersion "1"]
[SourceVersionDate "2015.10.08"]
[SourceQuality "1"]

1. c4 Nf6 2. g3 g6 3. Bg2 Bg7 4. Nc3 0-0 5. e4 d6 6. Nge2 e5 7. 0-0 Nc6 8. d3 Nd7 9. Be3 Nc5 10. Qd2 f5 11. Bg5 Qe8 12. Nd5 Qf7 13. b4 Ne6 14. b5 f4 15. bxc6 Nxg5 16. cxb7 Bxb7 17. f3 c6 18. Ndc3 Bc8 19. g4 h5 20. h3 Bf6 21. Rab1 hxg4 22. hxg4 Qh7 23. Rfe1 Bxg4 24. fxg4 f3 25. Ng3 fxg2 26. Qxg2 Bd8 27. Nf5 gxf5 28. exf5 Nh3+ 29. Kf1 Nf4 30. Qf3 Bb6 31. Ne4 Qh2 32. c5 dxc5 33. Nf2 Rad8 34. Re4 Rd4 35. Rbe1 Nd5 36. Rxd4 cxd4 37. Rc1 Qh6 38. Re1 Bc7 39. Ne4 Bd8 40. Rb1 Qh2 41. Nf2 Bh4 42. Rb7 Bxf2 43. Qxf2 Qh3+ 0-1

[Event "San Francisco TNM Summer op"]
[Site "San Francisco"]
[Date "2013.06.04"]
[Round "2"]
[White "Ochoa, Jason"]
[Black "Thornally, Frank"]
[Result "0-1"]
[WhiteElo "1911"]
[BlackElo "2218"]
[PlyCount "50"]
[EventDate "2013.05.28"]
[EventType "swiss"]
[EventRounds "8"]
[EventCountry "USA"]
[SourceTitle "EXT 2016"]
[Source "ChessBase"]
[SourceDate "2015.10.08"]
[SourceVersion "1"]
[SourceVersionDate "2015.10.08"]
[SourceQuality "1"]

1. c4 e5 2. g3 Nf6 3. Bg2 d5 4. cxd5 Nxd5 5. Nf3 Nc6 6. 0-0 Nb6 7. b3 Be7 8. Bb2 Bf6 9. Nc3 Bf5 10. d3 Nd4 11. Nxd4 exd4 12. Ne4 Bxe4 13. Bxe4 c6 14. e3 0-0 15. Qh5 g6 16. Qf3 Bg7 17. g4 f5 18. gxf5 gxf5 19. Qg2 fxe4 20. Bxd4 Qd7 21. Kh1 exd3 22. Rg1 Rf7 23. Bxg7 Rxg7 24. Qf3 Rf8 25. Rxg7+ Qxg7 0-1

[Event "San Francisco TNM Spring op"]
[Site "San Francisco"]
[Date "2013.03.26"]
[Round "2"]
[White "Morgan, Jerry"]
[Black "Ochoa, Jason"]
[Result "0-1"]
[WhiteElo "1464"]
[BlackElo "1913"]
[PlyCount "64"]
[EventDate "2013.03.19"]
[EventType "swiss"]
[EventRounds "8"]
[EventCountry "USA"]
[SourceTitle "EXT 2016"]
[Source "ChessBase"]
[SourceDate "2015.10.08"]
[SourceVersion "1"]
[SourceVersionDate "2015.10.08"]
[SourceQuality "1"]

1. f4 Nf6 2. e3 g6 3. Nf3 Bg7 4. Be2 0-0 5. 0-0 d5 6. d3 c5 7. c3 Nc6 8. Qc2 Bg4 9. e4 dxe4 10. dxe4 e5 11. Nxe5 Bxe2 12. Nxc6 Qd3 13. Ne7+ Kh8 14. Qxd3 Bxd3 15. e5 Ne4 16. Re1 Rad8 17. Nd2 Nxd2 18. Bxd2 Rd7 19. Re3 c4 20. Nxg6+ fxg6 21. e6 Re7 22. g3 Rfe8 23. Rae1 Bf5 24. Kf2 Rxe6 25. Rxe6 Rxe6 26. Rxe6 Bxe6 27. Be3 a5 28. Bd4 Bxd4+ 29. cxd4 Kg7 30. a3 Kf6 31. Kf3 Bd5+ 32. Kg4 b5 0-1

[Event "San Francisco TNM Winter op"]
[Site "San Francisco"]
[Date "2013.02.19"]
[Round "7"]
[White "Doyle, Bryon"]
[Black "Ochoa, Jason"]
[Result "1-0"]
[WhiteElo "2015"]
[BlackElo "1913"]
[PlyCount "87"]
[EventDate "2013.01.08"]
[EventType "swiss"]
[EventRounds "8"]
[EventCountry "USA"]
[SourceTitle "EXT 2016"]
[Source "ChessBase"]
[SourceDate "2015.10.08"]
[SourceVersion "1"]
[SourceVersionDate "2015.10.08"]
[SourceQuality "1"]

1. e4 c5 2. Nf3 g6 3. d4 Bg7 4. c3 Nf6 5. e5 Nd5 6. dxc5 Nc7 7. Bc4 Nc6 8. Qe2 0-0 9. 0-0 Na6 10. b4 Nc7 11. Rd1 b5 12. Bb3 a5 13. Bd2 axb4 14. cxb4 d5 15. cxd6 exd6 16. Bc3 Qe7 17. Rxd6 Bb7 18. Qb2 Nxe5 19. Nxe5 Qxd6 20. Nxf7 Rxf7 21. Bxg7 Ne6 22. Be5 Qc6 23. f3 Qb6+ 24. Qf2 Qc6 25. Nd2 Re8 26. Ne4 Rd8 27. Re1 h6 28. Nd6 Rxd6 29. Bxd6 Qxd6 30. Bxe6 Kg7 31. Bxf7 Kxf7 32. Qc5 Qd7 33. Qe3 Kg7 34. Qe5+ Kf7 35. Kf2 Bd5 36. Rd1 Qa7+ 37. Qd4 Qxd4+ 38. Rxd4 Bxa2 39. Rd6 Bc4 40. Ke3 Be6 41. Rb6 Bc4 42. f4 Bf1 43. g3 Bc4 44. Kd4 1-0

[Event "San Francisco TNM Winter op"]
[Site "San Francisco"]
[Date "2013.01.15"]
[Round "2"]
[White "Ochoa, Jason"]
[Black "Morgan, Jerry"]
[Result "1-0"]
[WhiteElo "1913"]
[BlackElo "1431"]
[PlyCount "41"]
[EventDate "2013.01.08"]
[EventType "swiss"]
[EventRounds "8"]
[EventCountry "USA"]
[SourceTitle "EXT 2016"]
[Source "ChessBase"]
[SourceDate "2015.10.08"]
[SourceVersion "1"]
[SourceVersionDate "2015.10.08"]
[SourceQuality "1"]

1. c4 f5 2. g3 Nf6 3. Bg2 g6 4. Nf3 Bg7 5. 0-0 0-0 6. d4 d6 7. Nc3 Qe8 8. Bg5 c6 9. Qd2 e5 10. Rad1 e4 11. Nh4 Na6 12. f3 Nc7 13. fxe4 fxe4 14. Bxf6 Bxf6 15. Nxe4 Bxh4 16. Rxf8+ Qxf8 17. Rf1 Qe7 18. gxh4 Bf5 19. Ng5 Re8 20. e4 Bc8 21. Rf7 1-0

[Event "San Francisco TNM Summer op"]
[Site "San Francisco"]
[Date "2012.06.19"]
[Round "5"]
[White "Ochoa, Jason"]
[Black "Lin, Michael"]
[Result "0-1"]
[WhiteElo "1900"]
[BlackElo "2054"]
[PlyCount "82"]
[EventDate "2012.05.22"]
[EventType "swiss"]
[EventRounds "8"]
[EventCountry "USA"]
[SourceTitle "EXT 2014"]
[Source "ChessBase"]
[SourceDate "2013.11.20"]
[SourceVersion "1"]
[SourceVersionDate "2013.11.20"]
[SourceQuality "1"]

1. c4 c5 2. g3 Nf6 3. Bg2 d5 4. cxd5 Nxd5 5. Nf3 Nc6 6. 0-0 e5 7. Qb3 Nc7 8. Nc3 Be7 9. d3 0-0 10. Be3 Rb8 11. Rac1 Bg4 12. Ne4 b6 13. Rfe1 Nd5 14. Nfd2 Be6 15. Qb5 Rc8 16. Nc4 Qd7 17. Ng5 Bxg5 18. Bxg5 f6 19. Bd2 Rfd8 20. a3 Qf7 21. Bc3 Kh8 22. Rc2 Qb7 23. Na5 Nxa5 24. Bxa5 Bd7 25. Qb3 Bc6 26. Bd2 Ne7 27. Bxc6 Nxc6 28. Qc4 Nd4 29. Rcc1 b5 30. Qa2 e4 31. dxe4 Qxe4 32. Bc3 Nxe2+ 33. Rxe2 Qxe2 34. Qb1 Qd3 35. Qa1 Qf3 36. h4 b4 37. Be1 a5 38. Qb1 h6 39. Qc2 Re8 40. Qg6 Re2 41. h5 Rce8 0-1

[Event "San Francisco TNM Winter op"]
[Site "San Francisco"]
[Date "2012.01.31"]
[Round "5"]
[White "Gaffagan, Steven"]
[Black "Ochoa, Jason"]
[Result "0-1"]
[WhiteElo "2054"]
[BlackElo "1906"]
[PlyCount "102"]
[EventDate "2012.01.03"]
[EventType "swiss"]
[EventRounds "8"]
[EventCountry "USA"]
[SourceTitle "EXT 2014"]
[Source "ChessBase"]
[SourceDate "2013.11.20"]
[SourceVersion "1"]
[SourceVersionDate "2013.11.20"]
[SourceQuality "1"]

1. e4 c5 2. Nf3 g6 3. c3 Bg7 4. d4 Qc7 5. Bd3 Nc6 6. dxc5 Ne5 7. Nxe5 Qxe5 8. Be3 Nf6 9. 0-0 0-0 10. Nd2 d5 11. cxd6 Qxd6 12. Nf3 Rd8 13. Bc2 Qc7 14. Qe2 Bg4 15. h3 Be6 16. Nd2 b5 17. Bb3 Bxb3 18. axb3 b4 19. Rfc1 Qb7 20. Qa6 Qd7 21. Ra4 bxc3 22. bxc3 Ne8 23. Qe2 Nd6 24. c4 Qc6 25. c5 Nb5 26. Rac4 Na3 27. Ra4 Bb2 28. Nf3 Bxc1 29. Bxc1 Nb5 30. Rc4 Qd7 31. Be3 Qd1+ 32. Qxd1 Rxd1+ 33. Kh2 Rc8 34. Rb4 a6 35. Ne5 f6 36. Nc4 Ra1 37. Nb6 Rc6 38. Rc4 Kf7 39. h4 Ra3 40. Rb4 Ra2 41. Nc4 Kg7 42. g4 Re6 43. Nd2 h6 44. Kg3 Nc3 45. g5 hxg5 46. hxg5 Rxd2 47. Bxd2 Nxe4+ 48. Kg2 Nxd2 49. Rb6 Kf7 50. c6 Re5 51. gxf6 Rc5 0-1

[Event "San Francisco TNM Summer op"]
[Site "San Francisco"]
[Date "2011.05.24"]
[Round "1"]
[White "Ochoa, Jason"]
[Black "Hilliard, Michael"]
[Result "1-0"]
[WhiteElo "1939"]
[BlackElo "1466"]
[PlyCount "121"]
[EventDate "2011.05.24"]
[EventType "swiss"]
[EventRounds "8"]
[EventCountry "USA"]
[SourceTitle "EXT 2016"]
[Source "ChessBase"]
[SourceDate "2015.10.08"]
[SourceVersion "1"]
[SourceVersionDate "2015.10.08"]
[SourceQuality "1"]

1. c4 c5 2. g3 e6 3. Bg2 Nf6 4. e3 d5 5. b3 Nc6 6. Ne2 Be7 7. 0-0 0-0 8. cxd5 exd5 9. d4 cxd4 10. Nxd4 Bg4 11. f3 Bd7 12. Bb2 Re8 13. Nc3 Bc5 14. Na4 Bd6 15. Re1 Rc8 16. Nb5 Be5 17. Bxe5 Rxe5 18. f4 Bg4 19. Qd2 Re7 20. h3 Bf5 21. Nac3 Be4 22. Rad1 Bxg2 23. Kxg2 Rd7 24. Nd4 Qe7 25. Nf5 Qe6 26. Nd4 Qe8 27. Nf5 Qe6 28. Nd4 Qe8 29. Nf3 Ne4 30. Qd3 Nxc3 31. Qxc3 Qe4 32. Rd4 Qe8 33. Rc1 Rdd8 34. Rdd1 Ne7 35. Qd3 Rxc1 36. Rxc1 Rc8 37. Rxc8 Qxc8 38. Ng5 g6 39. h4 h6 40. Nf3 Qc5 41. h5 Nf5 42. Nd4 Nxd4 43. exd4 Qc6 44. g4 Kg7 45. hxg6 fxg6 46. Qe3 Qc2+ 47. Kg3 Qe4 48. Qxe4 dxe4 49. Kf2 h5 50. gxh5 gxh5 51. Ke3 h4 52. Kxe4 h3 53. Kf3 h2 54. Kg2 h1Q+ 55. Kxh1 Kf6 56. Kg2 Kf5 57. d5 b5 58. Kf3 a6 59. a3 a5 60. Ke3 a4 61. b4 1-0

[Event "San Francisco TNM Spring op"]
[Site "San Francisco"]
[Date "2011.04.26"]
[Round "7"]
[White "Thornally, Frank"]
[Black "Ochoa, Jason"]
[Result "1-0"]
[WhiteElo "2200"]
[BlackElo "1926"]
[PlyCount "113"]
[EventDate "2011.03.15"]
[EventType "swiss"]
[EventRounds "8"]
[EventCountry "USA"]
[SourceTitle "EXT 2012"]
[Source "ChessBase"]
[SourceDate "2011.11.24"]
[SourceVersion "1"]
[SourceVersionDate "2011.11.24"]
[SourceQuality "1"]

1. d4 Nc6 2. d5 Ne5 3. e4 Ng6 4. f4 e5 5. dxe6 fxe6 6. Nf3 Bb4+ 7. c3 Bc5 8. Bd3 Nf6 9. e5 Ng4 10. Ng5 Nf2 11. Bxg6+ hxg6 12. Qc2 Rh6 13. Rf1 Ng4 14. Qd3 Nxh2 15. Rh1 Qe7 16. Ke2 a5 17. Nd2 b6 18. Nf1 Ba6 19. c4 Nxf1 20. Rxh6 Ng3+ 21. Kf3 gxh6 22. Qxg6+ Kd8 23. Nf7+ Kc8 24. Kxg3 Bxc4 25. Bd2 Kb7 26. Nxh6 Rh8 27. b3 Bd5 28. Rh1 Rh7 29. Nf5 Rxh1 30. Nxe7 Bxe7 31. Qe8 Bh4+ 32. Kg4 Be4 33. g3 Bf5+ 34. Kf3 Rh3 35. Be1 Rh1 36. Bf2 Bxg3 37. Bxg3 Rd1 38. Bh4 Bb1 39. a3 Rd3+ 40. Ke2 Rxb3 41. Qxd7 Bf5 42. Be7 Rb2+ 43. Kf3 Rc2 44. Kg3 Rc4 45. Bd6 Rc2 46. Kh4 Kb8 47. Kg5 cxd6 48. exd6 Rc5 49. Kf6 Bg4 50. Ke7 Bf5 51. Kd8 Ka8 52. Qc7 Rxc7 53. dxc7 e5 54. fxe5 b5 55. c8Q+ Bxc8 56. Kxc8 b4 57. axb4 1-0

[Event "San Francisco TNM Winter op"]
[Site "San Francisco"]
[Date "2011.02.22"]
[Round "8"]
[White "Todortsev, Victor"]
[Black "Ochoa, Jason"]
[Result "1-0"]
[WhiteElo "1919"]
[BlackElo "1900"]
[PlyCount "45"]
[EventDate "2011.01.04"]
[EventType "swiss"]
[EventRounds "8"]
[EventCountry "USA"]
[SourceTitle "EXT 2012"]
[Source "ChessBase"]
[SourceDate "2011.11.24"]
[SourceVersion "1"]
[SourceVersionDate "2011.11.24"]
[SourceQuality "1"]

1. e4 Nc6 2. d4 e5 3. d5 Nce7 4. Nf3 Ng6 5. h4 Nf6 6. h5 Nf4 7. Nxe5 N6xh5 8. Rxh5 Nxh5 9. Qxh5 Qe7 10. Nc3 g6 11. Qf3 Qxe5 12. Bf4 Qf6 13. e5 Qe7 14. d6 cxd6 15. Nd5 Qd8 16. exd6 Bg7 17. Nc7+ Kf8 18. 0-0-0 Rb8 19. Re1 h5 20. Bc4 Bf6 21. Re8+ Qxe8 22. Nxe8 Kxe8 23. Bh6 1-0

[Event "San Francisco TNM Winter op"]
[Site "San Francisco"]
[Date "2011.02.08"]
[Round "6"]
[White "Ochoa, Jason"]
[Black "Shipman, Walter"]
[Result "0-1"]
[WhiteElo "1900"]
[BlackElo "2200"]
[PlyCount "68"]
[EventDate "2011.01.04"]
[EventType "swiss"]
[EventRounds "8"]
[EventCountry "USA"]
[SourceTitle "EXT 2012"]
[Source "ChessBase"]
[SourceDate "2011.11.24"]
[SourceVersion "1"]
[SourceVersionDate "2011.11.24"]
[SourceQuality "1"]

1. c4 e6 2. g3 d5 3. Bg2 Nf6 4. Nf3 Be7 5. 0-0 0-0 6. b3 c5 7. e3 Nc6 8. Bb2 b6 9. Qe2 Bb7 10. Nc3 Rc8 11. d3 Qd7 12. Rfd1 Rfd8 13. Rac1 Qe8 14. cxd5 Nxd5 15. Nxd5 Rxd5 16. d4 cxd4 17. exd4 Rdd8 18. Ne5 Nxe5 19. Bxb7 Rb8 20. Bg2 Ng6 21. Rc7 a5 22. d5 Bd6 23. Ra7 e5 24. h4 Rd7 25. Rxd7 Qxd7 26. Kh2 Re8 27. h5 Nf8 28. Bh3 Qe7 29. Qg4 h6 30. f4 f5 31. Qxf5 exf4 32. Rd2 Qe1 33. Qd3 Re3 34. Rc2 Qxg3+ 0-1

[Event "San Francisco TNM Winter op"]
[Site "San Francisco"]
[Date "2011.01.25"]
[Round "4"]
[White "Ochoa, Jason"]
[Black "Traub, Igor Vladimirovich"]
[Result "1-0"]
[WhiteElo "1900"]
[BlackElo "2097"]
[PlyCount "90"]
[EventDate "2011.01.04"]
[EventType "swiss"]
[EventRounds "8"]
[EventCountry "USA"]
[SourceTitle "EXT 2012"]
[Source "ChessBase"]
[SourceDate "2011.11.24"]
[SourceVersion "1"]
[SourceVersionDate "2011.11.24"]
[SourceQuality "1"]

1. c4 e5 2. g3 Nf6 3. Bg2 Bc5 4. e3 0-0 5. Ne2 Re8 6. 0-0 d6 7. Nbc3 Nc6 8. d3 a5 9. a3 Bg4 10. Qc2 Qd7 11. Nd5 Nxd5 12. cxd5 Ne7 13. Rd1 Qf5 14. b3 Bf3 15. Bb2 Bxg2 16. Kxg2 Nxd5 17. Nc3 Nf6 18. h3 c6 19. Rac1 d5 20. Nxd5 cxd5 21. Qxc5 h5 22. f3 h4 23. g4 Qg5 24. Re1 a4 25. b4 Rac8 26. Qxc8 Rxc8 27. Rxc8+ Kh7 28. Bc1 Qg6 29. e4 d4 30. Bd2 Nd7 31. Kf2 Qe6 32. Rc7 b5 33. Rec1 Nf6 34. Rb7 Ne8 35. Ke2 Qa2 36. Rxb5 Qxa3 37. Rxe5 Nf6 38. Ra5 Qa2 39. Rc8 Qa1 40. Rc1 Qa2 41. f4 a3 42. Rc8 Qe6 43. Raa8 g6 44. Rh8+ Kg7 45. f5 Nxe4 1-0

[Event "San Francisco TNM Winter op"]
[Site "San Francisco"]
[Date "2011.01.18"]
[Round "3"]
[White "Bertot, German"]
[Black "Ochoa, Jason"]
[Result "0-1"]
[WhiteElo "1563"]
[BlackElo "1900"]
[PlyCount "98"]
[EventDate "2011.01.04"]
[EventType "swiss"]
[EventRounds "8"]
[EventCountry "USA"]
[SourceTitle "EXT 2012"]
[Source "ChessBase"]
[SourceDate "2011.11.24"]
[SourceVersion "1"]
[SourceVersionDate "2011.11.24"]
[SourceQuality "1"]

1. d4 Nc6 2. Nf3 d5 3. c4 Bg4 4. e3 Nf6 5. h3 Bh5 6. Be2 e6 7. Nc3 Bd6 8. cxd5 exd5 9. Qb3 0-0 10. 0-0 Qd7 11. Bd2 Rfe8 12. Rac1 Na5 13. Qc2 Nc4 14. Nxd5 Nxd2 15. Nxf6+ gxf6 16. Qxd2 Kh8 17. Nh4 Rg8 18. g4 Bxg4 19. hxg4 Rxg4+ 20. Bxg4 Qxg4+ 21. Ng2 Qf3 22. Qd1 Qh3 23. f4 Rg8 24. Qf3 Rg3 25. Qf2 h5 26. Rc2 h4 27. Qe2 Qf5 28. Qd1 h3 29. Kh2 hxg2 30. Kxg3 gxf1Q 31. Rh2+ Kg7 32. Qxf1 Qg5+ 33. Kf2 Qa5 34. Qg2+ Kf8 35. Rh8+ Ke7 36. Qe4+ Be5 37. fxe5 Qd2+ 38. Kf3 Qd1+ 39. Kf4 Qf1+ 40. Qf3 fxe5+ 41. Ke4 Qc4 42. Qf5 Qc6+ 43. d5 Qc2+ 44. Kxe5 Qxb2+ 45. Ke4 Qxh8 46. Qe5+ Qxe5+ 47. Kxe5 b5 48. Kd4 Kd6 49. e4 f6 0-1